000
00269nam a22001217a 4500
008
180912b xxu||||| |||| 00| 0 eng d
041
_a
eng
080
_a
591
100
_a
7
101
_a
MJE
245
_a
The Year Of Agriculture 1962
_c
Enin.E.W
942
_2
udc
_c
BK
999
_c
47695
_d
47695